| 000 | 00977nam a2200277 a 4500 | ||
|---|---|---|---|
| 001 | nice12345678 | ||
| 003 | IN_TiNIC | ||
| 005 | 20260116013031.0 | ||
| 008 | 050524s1988 newa grp 000 0 eng | ||
| 020 |
_a _c900 |
||
| 082 | 0 | 0 |
_a954.035 _bAZI |
| 100 | _aAziz, K K | ||
| 245 |
_aHistory of Partition of India _b Origin and Development of the Idea of Pakist |
||
| 260 |
_aNew Delhi _bAtlantic Publishers and Distributors _c1988 |
||
| 300 | _a300p | ||
| 500 | _aincludes index and biblioraphy | ||
| 505 | 2 | _abiblio., index | |
| 505 | 2 |
_abiblio., index00 _gV1. _tHistory of Partition of India: Origin and Development of the Idea of Pakist.-- _gV2. _tHistory of Partition of India: Origin and Development of the Idea of Pakist.-- _gV3. _tHistory of Partition of India: Origin and Development of t |
|
| 650 | _aIndia-Partition | ||
| 650 | _aPakistan-History | ||
| 650 | _aCommunalism-India | ||
| 700 | 1 | _aAziz, K K | |
| 902 | _bSRS | ||
| 942 | _cBK | ||
| 999 |
_c9361 _d9361 |
||